[Event "Titled Tue 20th May Early"]
[Site "chess.com INT"]
[Date "2025.05.20"]
[Round "9"]
[White "Onur, Cigdem"]
[Black "Zahn, Wolfgang"]
[Result "1-0"]
[WhiteTitle "WCM"]
[BlackTitle "FM"]
[WhiteElo "1966"]
[BlackElo "2280"]
[WhiteFideId "6346030"]
[BlackFideId "4620984"]
[EventDate "2025.05.20"]

1. e4 c5 2. Nf3 d6 3. b3 e5 4. Bb2 Nf6 5. Nc3 g6 6. Bc4 Bg7 7. O-O h6 8. Re1 O-O
9. Nd5 Ne8 10. c3 Be6 11. d4 Nc6 12. a4 Na5 13. Ba3 Rc8 14. Rb1 Nxc4 15. bxc4 b6
16. a5 cxd4 17. cxd4 Rxc4 18. dxe5 bxa5 19. exd6 Kh8 20. e5 f6 21. exf6 Nxf6 22.
Rxe6 Re4 23. Rxe4 Nxe4 24. Qd3 Nxd6 25. Qxg6 1-0

[Event "Titled Tue 20th May Early"]
[Site "chess.com INT"]
[Date "2025.05.20"]
[Round "9"]
[White "Galchenko, Matvey"]
[Black "Hari, Madhavan N B"]
[Result "1-0"]
[WhiteTitle "IM"]
[BlackTitle "IM"]
[WhiteElo "2442"]
[BlackElo "2386"]
[WhiteFideId "24175480"]
[BlackFideId "25054309"]
[EventDate "2025.05.20"]

1. e4 e5 2. Nf3 Nc6 3. d4 exd4 4. c3 d3 5. Bxd3 Bc5 6. O-O Nge7 7. h3 d6 8. Re1
O-O 9. Nbd2 h6 10. Nf1 f5 11. b4 Bb6 12. b5 fxe4 13. Bxe4 Ne5 14. Be3 Nxf3+ 15.
Bxf3 c6 16. Bxb6 axb6 17. c4 Bf5 18. Ng3 Bh7 19. Re6 d5 20. bxc6 bxc6 21. cxd5
cxd5 22. Qb3 Rb8 23. Rae1 Rf7 24. Qb4 Nf5 25. Re8+ Qxe8 26. Rxe8+ Rxe8 27. Bxd5
Nxg3 28. fxg3 Bf5 29. Qxb6 Kf8 30. Bxf7 Kxf7 31. a4 Re2 32. Qb5 Re1+ 33. Kf2 1-0

[Event "Titled Tue 20th May Early"]
[Site "chess.com INT"]
[Date "2025.05.20"]
[Round "9"]
[White "Ramu, K."]
[Black "Chogdov, Munkhbat"]
[Result "0-1"]
[WhiteTitle "FM"]
[BlackTitle "FM"]
[WhiteElo "2151"]
[BlackElo "2238"]
[WhiteFideId "5006171"]
[BlackFideId "13200860"]
[EventDate "2025.05.20"]

1. e4 e5 2. Nf3 Nc6 3. Bb5 Bc5 4. O-O d6 5. c3 Bb6 6. h3 Ne7 7. d4 O-O 8. Re1 h6
9. Na3 Ng6 10. Nc4 Qf6 11. Nxb6 axb6 12. Bf1 Re8 13. d5 Nce7 14. Nh2 Nf4 15.
Bxf4 Qxf4 16. Qf3 Qg5 17. Qg3 Qf6 18. Re3 Ng6 19. Ng4 Bxg4 20. Qxg4 Kh7 21. g3
Rf8 22. Rf3 Qe7 23. h4 Ra4 24. b3 Raa8 25. h5 Nh8 26. Bh3 Qg5 27. Qxg5 hxg5 28.
Bg4 f6 29. a4 Ra5 30. c4 Nf7 31. Rc1 Nh6 32. Be6 Re8 33. g4 Raa8 34. Rg3 Ng8 35.
f3 Ne7 36. Kf2 Kh6 37. Rgg1 Nc6 38. Bf7 Re7 39. dxc6 Rxf7 40. cxb7 Rb8 0-1

[Event "Titled Tue 20th May Early"]
[Site "chess.com INT"]
[Date "2025.05.20"]
[Round "9"]
[White "Aravindh, Chithambaram VR."]
[Black "Papaioannou, Dimitrios"]
[Result "0-1"]
[WhiteTitle "GM"]
[BlackTitle "CM"]
[WhiteElo "2749"]
[BlackElo "2200"]
[WhiteFideId "5072786"]
[BlackFideId "25865137"]
[EventDate "2025.05.20"]

1. Nf3 Nf6 2. g3 d5 3. Bg2 e6 4. O-O Be7 5. b3 O-O 6. Bb2 c5 7. c4 d4 8. e3 Nc6
9. exd4 cxd4 10. Re1 Ne8 11. Na3 f6 12. Nc2 e5 13. d3 Nc7 14. a3 a5 15. Nd2 Bf5
16. Qf3 Qd7 17. Qe2 Na6 18. Ne4 Kh8 19. h4 Bg4 20. Qf1 Bh5 21. Bc1 f5 22. Ng5
Bxg5 23. hxg5 f4 24. gxf4 exf4 25. Bh3 Bg4 26. Bxg4 Qxg4+ 27. Qg2 Qf5 28. Re4 f3
29. Qg3 Nc5 30. Nxd4 Nxe4 0-1

[Event "Titled Tue 20th May Early"]
[Site "chess.com INT"]
[Date "2025.05.20"]
[Round "9"]
[White "Gabrielian, Artur"]
[Black "Khamdamova, Afruza"]
[Result "1-0"]
[WhiteTitle "GM"]
[BlackTitle "WIM"]
[WhiteElo "2419"]
[BlackElo "2344"]
[WhiteFideId "4131002"]
[BlackFideId "14210444"]
[EventDate "2025.05.20"]

1. Nf3 d5 2. g3 Nf6 3. Bg2 c5 4. O-O Nc6 5. d4 e6 6. c4 dxc4 7. Qa4 Bd7 8. dxc5
Na5 9. Qc2 Bxc5 10. Ne5 Bb5 11. Nc3 a6 12. Bg5 h6 13. Rad1 Qe7 14. Bxf6 Qxf6 15.
Qe4 O-O 16. Nxb5 axb5 17. Nd7 Qe7 18. Nxf8 Rxf8 19. Qe5 Nc6 20. Qe4 Ra8 21. a3
Qf6 22. Rd2 Rb8 23. e3 Ne5 24. Rfd1 Nd3 25. b3 Bxa3 26. bxc4 Nb2 27. Qf4 Qxf4
28. Rd8+ Kh7 29. gxf4 Nxd1 30. Rxb8 bxc4 31. Rxb7 f5 32. Rc7 c3 33. Bf3 Nb2 34.
Rxc3 Be7 35. Rc6 Nd3 36. Rxe6 Bh4 37. Bh5 Nxf2 38. Bg6+ 1-0

[Event "Titled Tue 20th May Early"]
[Site "chess.com INT"]
[Date "2025.05.20"]
[Round "9"]
[White "Bigabylov, Zhuban"]
[Black "Li, Hui"]
[Result "0-1"]
[WhiteTitle "FM"]
[BlackTitle "CM"]
[WhiteElo "2031"]
[BlackElo "2041"]
[WhiteFideId "13701495"]
[BlackFideId "15400310"]
[EventDate "2025.05.20"]

1. d4 d5 2. c4 c6 3. Nf3 Nf6 4. Nc3 dxc4 5. a4 Bf5 6. Ne5 e6 7. f3 Bb4 8. e4
Bxe4 9. fxe4 Nxe4 10. Bd2 Qxd4 11. Nxe4 Qxe4+ 12. Qe2 Bxd2+ 13. Kxd2 Qd5+ 14.
Kc2 Nd7 15. Nxd7 Qxd7 16. Rd1 Qe7 17. Qxc4 O-O 18. h4 Qf6 19. h5 Rfd8 20. Be2
Qg5 21. Bf3 Qf5+ 22. Kc1 Qg5+ 23. Kb1 Qf5+ 24. Qc2 Qf6 25. h6 g6 26. Rxd8+ Rxd8
27. Rd1 Rd4 28. Rxd4 Qxd4 29. Qc3 Qxc3 30. bxc3 Kf8 31. a5 Ke7 32. a6 bxa6 33.
Bxc6 Kf6 34. Bb7 a5 35. c4 Ke5 36. Kc2 Kd4 37. Ba6 f5 38. Kb3 e5 39. Ka4 Kc5 40.
Bb5 e4 41. Be8 e3 42. Bxg6 e2 43. Bxh7 e1=Q 0-1

[Event "Titled Tue 20th May Early"]
[Site "chess.com INT"]
[Date "2025.05.20"]
[Round "9"]
[White "May Sanchez, Andres Elias"]
[Black "Sadey, Rinoa Mariel"]
[Result "1-0"]
[WhiteElo "2209"]
[BlackElo "1760"]
[WhiteFideId "5150973"]
[BlackFideId "5255945"]
[EventDate "2025.05.20"]

1. Nf3 c5 2. e4 Nc6 3. d4 cxd4 4. Nxd4 Nf6 5. Nc3 e5 6. Ndb5 d6 7. Bg5 a6 8. Na3
b5 9. Nd5 Be7 10. Bxf6 Bxf6 11. c3 Bg5 12. Nc2 O-O 13. a4 bxa4 14. Rxa4 Kh8 15.
Bc4 f5 16. exf5 Bxf5 17. O-O a5 18. Nce3 Be6 19. b4 axb4 20. Rxa8 Qxa8 21. Nc7
Bxc4 22. Nxa8 Bxf1 23. Qxd6 Rxa8 24. Qxc6 Rb8 25. Qc7 Re8 26. Nxf1 bxc3 27. Qxc3
h6 28. Ng3 e4 29. Nf5 Bf6 30. Qc6 Rd8 31. g3 Kh7 32. Qxe4 1-0

[Event "Titled Tue 20th May Early"]
[Site "chess.com INT"]
[Date "2025.05.20"]
[Round "9"]
[White "Kozak, Antoni"]
[Black "Roberson, Peter T"]
[Result "1-0"]
[BlackTitle "IM"]
[WhiteElo "2426"]
[BlackElo "2440"]
[WhiteFideId "21832030"]
[BlackFideId "412384"]
[EventDate "2025.05.20"]

1. e4 e6 2. d4 d5 3. Bd3 c5 4. exd5 exd5 5. Nf3 c4 6. Be2 Nf6 7. b3 cxb3 8. axb3
Nc6 9. O-O Bd6 10. Ba3 O-O 11. Nc3 Re8 12. Re1 Bf5 13. Bxd6 Qxd6 14. Na4 Re7 15.
Bb5 Rae8 16. Rxe7 Rxe7 17. Nc5 a6 18. Bxc6 Qxc6 19. Ne5 Qd6 20. h3 Ne4 21. Ned3
h6 22. Qc1 Nc3 23. Qb2 Ne2+ 24. Kh1 Qf6 25. c3 b6 26. Rxa6 Bxh3 27. Rxb6 Qxb6
28. gxh3 Qg6 29. Qb1 Qf5 30. Kh2 Nf4 31. Qf1 Re1 32. Nxe1 1-0

[Event "Titled Tue 20th May Early"]
[Site "chess.com INT"]
[Date "2025.05.20"]
[Round "9"]
[White "Tulendinov, Dinmukhammed"]
[Black "Skliarov, Viktor"]
[Result "1-0"]
[WhiteTitle "FM"]
[BlackTitle "IM"]
[WhiteElo "2124"]
[BlackElo "2334"]
[WhiteFideId "13730860"]
[BlackFideId "14106736"]
[EventDate "2025.05.20"]

1. e4 c5 2. Nc3 Nc6 3. Bb5 Nd4 4. Bc4 g6 5. Nf3 Bg7 6. Nxd4 cxd4 7. Qf3 Nh6 8.
Ne2 O-O 9. d3 Ng4 10. Bb3 d6 11. Qg3 a5 12. a4 Bd7 13. O-O Rc8 14. f4 Rc5 15. f5
gxf5 16. h3 fxe4 17. hxg4 e3 18. c3 e5 19. g5 Be6 20. Bxe6 fxe6 21. Rxf8+ Qxf8
22. Bxe3 dxe3 23. Rf1 Qe7 24. Qxe3 Rc8 25. Ng3 Rf8 26. Rxf8+ Qxf8 27. Ne4 d5 28.
Nc5 d4 29. cxd4 exd4 30. Qxe6+ Kh8 31. Nd7 Qc8 32. Kh2 h5 33. gxh6 Qc7+ 34. Kh3
Qf4 35. hxg7+ Kxg7 36. Qe7+ Kh6 37. Qf6+ 1-0

[Event "Titled Tue 20th May Early"]
[Site "chess.com INT"]
[Date "2025.05.20"]
[Round "9"]
[White "Bodemar, Jonathan"]
[Black "Sobek, Jaroslav"]
[Result "0-1"]
[WhiteTitle "CM"]
[BlackTitle "FM"]
[WhiteElo "2150"]
[BlackElo "2195"]
[WhiteFideId "6205488"]
[BlackFideId "301388"]
[EventDate "2025.05.20"]

1. e4 c5 2. Nf3 a6 3. d4 cxd4 4. Nxd4 Nf6 5. Nc3 e5 6. Nf5 d5 7. Bg5 d4 8. Bxf6
gxf6 9. Nb1 Bxf5 10. exf5 Qb6 11. Nd2 Qxb2 12. Rb1 Qc3 13. Rxb7 Bb4 14. Bd3 Nd7
15. Ke2 Nc5 16. Rc7 O-O 17. Ne4 Nxe4 18. Bxe4 Qxc7 19. Kf1 Rac8 20. h4 Kh8 21.
Qh5 Rg8 22. g4 Qc4+ 23. Bd3 Qxa2 0-1

[Event "Titled Tue 20th May Early"]
[Site "chess.com INT"]
[Date "2025.05.20"]
[Round "9"]
[White "Tekeyev, Zaur"]
[Black "Petriashvili, Nikoloz"]
[Result "1-0"]
[WhiteTitle "IM"]
[BlackTitle "IM"]
[WhiteElo "2417"]
[BlackElo "2468"]
[WhiteFideId "4199731"]
[BlackFideId "13611216"]
[EventDate "2025.05.20"]

1. e4 Na6 2. d4 c6 3. Nc3 g6 4. Bf4 Bg7 5. Qd2 d5 6. e5 h5 7. Bxa6 bxa6 8. Na4
f6 9. exf6 Nxf6 10. Nc5 O-O 11. Nf3 Ne4 12. Nxe4 dxe4 13. Ne5 c5 14. d5 Rf5 15.
Nc6 Qd7 16. Bg5 Bf6 17. Bxf6 exf6 18. c4 Qd6 19. Qh6 Rg5 20. g3 Bd7 21. O-O-O
Qf8 22. Qxf8+ Kxf8 23. Na5 Rf5 24. Rd2 Ke7 25. Re1 Re5 26. Nb7 Rc8 27. Rde2 f5
28. f4 1-0

[Event "Titled Tue 20th May Early"]
[Site "chess.com INT"]
[Date "2025.05.20"]
[Round "9"]
[White "Sabatier, Mathis"]
[Black "Zaw, Ye Htut"]
[Result "1-0"]
[WhiteTitle "CM"]
[BlackTitle "CM"]
[WhiteElo "2235"]
[BlackElo "2180"]
[WhiteFideId "26029685"]
[BlackFideId "13013955"]
[EventDate "2025.05.20"]

1. e4 d5 2. exd5 Qxd5 3. Nc3 Qa5 4. d4 Nf6 5. Nf3 Nc6 6. Bc4 Bg4 7. Be3 Qh5 8.
Be2 O-O-O 9. Qd3 e5 10. d5 e4 11. Nxe4 Nb4 12. Qc4 Nxe4 13. Qxe4 Bf5 14. Qc4
Nxc2+ 15. Kf1 Nxa1 16. Ne5 Bd3 17. Nxd3 Qg6 18. Bxa7 Bd6 19. g3 Rde8 20. Bf3 h5
21. Kg2 h4 22. Rxa1 h3+ 23. Kg1 f5 24. Nf4 Bxf4 25. Qxf4 Qa6 26. Be3 g6 27. Rc1
Kb8 28. Qxc7+ Ka8 29. d6 g5 30. d7 Rxe3 31. d8=Q+ Rxd8 32. Qxd8+ 1-0

[Event "Titled Tue 20th May Early"]
[Site "chess.com INT"]
[Date "2025.05.20"]
[Round "9"]
[White "Marynychenko, Yehor"]
[Black "Dumanuly, Sultanbeibarys"]
[Result "0-1"]
[WhiteTitle "CM"]
[BlackTitle "FM"]
[WhiteElo "2183"]
[BlackElo "2117"]
[WhiteFideId "34160558"]
[BlackFideId "13731963"]
[EventDate "2025.05.20"]

1. e4 g6 2. d4 Bg7 3. Nf3 c6 4. Bd3 d5 5. exd5 cxd5 6. O-O Bg4 7. Nc3 Nc6 8. Bb5
e6 9. Be3 Ne7 10. h3 Bxf3 11. Qxf3 O-O 12. Ne2 a6 13. Bxc6 Nxc6 14. c3 b5 15.
Rfe1 b4 16. Rac1 bxc3 17. bxc3 Na5 18. Ng3 Nc4 19. Bf4 Qa5 20. h4 h5 21. Bg5
Qxa2 22. Bf6 Qd2 23. Rcd1 Qc2 24. Bxg7 Kxg7 25. Rc1 Qd2 26. Red1 Qh6 27. Rc2 a5
28. Ne2 a4 29. Ra1 a3 30. Nc1 Rfb8 31. Nd3 Rb2 32. Nxb2 axb2 33. Rb1 Nd2 34. Qd1
Nxb1 35. Rxb2 Nxc3 36. Qd3 Qc1+ 0-1

[Event "Titled Tue 20th May Early"]
[Site "chess.com INT"]
[Date "2025.05.20"]
[Round "9"]
[White "Scheglov, Gleb"]
[Black "Srihari, L"]
[Result "0-1"]
[WhiteTitle "FM"]
[BlackTitle "IM"]
[WhiteElo "2318"]
[BlackElo "2353"]
[WhiteFideId "34356266"]
[BlackFideId "46642056"]
[EventDate "2025.05.20"]

1. f4 d5 2. Nf3 Nc6 3. b3 Bg4 4. Bb2 Qd7 5. e3 h5 6. h3 Bf5 7. Bb5 a6 8. Ne5 Qe6
9. Bxc6+ bxc6 10. Nc3 f6 11. Nf3 Qd7 12. Na4 e6 13. O-O c5 14. Ba3 c4 15. Bxf8
Kxf8 16. Nc5 Qd6 17. b4 Ne7 18. d3 Kf7 19. dxc4 dxc4 20. e4 Qxd1 21. Raxd1 Bh7
22. Rd7 Rhc8 23. Nd4 Rd8 24. Rxd8 Rxd8 25. Ndxe6 Rd2 26. Rf2 Rd1+ 27. Kh2 Bxe4
28. Nxc7 Bc6 29. N5xa6 h4 30. b5 Nf5 31. Rf3 Bxf3 32. gxf3 Rd2+ 33. Kg1 Rxc2 34.
a3 c3 35. Kf1 Rb2 36. Ke1 Rb1+ 37. Ke2 c2 38. Nb4 c1=Q 0-1

[Event "Titled Tue 20th May Early"]
[Site "chess.com INT"]
[Date "2025.05.20"]
[Round "9"]
[White "Rozman, Levy"]
[Black "Bardyk, Artem"]
[Result "0-1"]
[WhiteTitle "IM"]
[BlackTitle "FM"]
[WhiteElo "2324"]
[BlackElo "2284"]
[WhiteFideId "2039877"]
[BlackFideId "34349979"]
[EventDate "2025.05.20"]

1. d4 d5 2. Bg5 Bf5 3. c4 c6 4. Nc3 h6 5. Bh4 g5 6. Bg3 Nf6 7. e3 e6 8. h4 Bb4
9. Bd3 Bxd3 10. Qxd3 Ne4 11. Ne2 Nd7 12. O-O-O Bxc3 13. Nxc3 Nxg3 14. fxg3 Qe7
15. e4 dxc4 16. Qxc4 O-O-O 17. Kb1 gxh4 18. gxh4 Rhg8 19. Qe2 Qb4 20. e5 Nb6 21.
a3 Qb3 22. Ne4 Nc4 23. Rh3 Nxa3+ 24. Ka1 Qb5 25. Qf2 Nc4 26. Rc3 Qa4+ 27. Kb1
Qxd1+ 28. Ka2 Qxd4 29. Qe2 Nd2 30. Nd6+ Rxd6 31. exd6 Qa4+ 32. Ra3 Qc4+ 0-1

[Event "Titled Tue 20th May Early"]
[Site "chess.com INT"]
[Date "2025.05.20"]
[Round "9"]
[White "Nouali, Mohamed"]
[Black "Chen, Yidong"]
[Result "0-1"]
[WhiteTitle "FM"]
[WhiteElo "2157"]
[BlackElo "2038"]
[WhiteFideId "5502462"]
[BlackFideId "8607028"]
[EventDate "2025.05.20"]

1. e4 c5 2. Nf3 d6 3. d4 cxd4 4. Nxd4 Nf6 5. Nc3 a6 6. Bc4 e6 7. Bb3 b5 8. Bg5
Be7 9. Qe2 Qc7 10. O-O-O O-O 11. f4 Nbd7 12. Kb1 b4 13. Na4 Bb7 14. e5 dxe5 15.
Nxe6 fxe6 16. Bxe6+ Kh8 17. Bxd7 Nxd7 18. Bxe7 Rxf4 19. b3 Re8 20. Bd6 Qc6 21.
g3 Rf6 22. Bxb4 Nb6 23. Nb2 Nd5 24. Rxd5 Qxd5 25. Rd1 Qf7 26. Nc4 Bf3 27. Qd2
Bxd1 28. Qxd1 Rf1 29. Be1 e4 30. Ne3 Rf3 31. Qe2 h6 32. Bc3 Qa7 33. Nd5 Rf2 34.
Qc4 e3 35. Bd4 Qf7 36. Bxe3 Rf3 37. Bd4 Rd8 38. Nb6 Qxc4 39. Nxc4 Rxd4 40. Kb2
Rf2 0-1

[Event "Titled Tue 20th May Early"]
[Site "chess.com INT"]
[Date "2025.05.20"]
[Round "9"]
[White "Neustroev, Victor"]
[Black "Parfenov, Viktor N."]
[Result "0-1"]
[WhiteTitle "FM"]
[BlackTitle "CM"]
[WhiteElo "2283"]
[BlackElo "2193"]
[WhiteFideId "4144147"]
[BlackFideId "4165969"]
[EventDate "2025.05.20"]

1. e4 e5 2. Nf3 Nf6 3. Nxe5 d6 4. Nf3 Nxe4 5. Nc3 Nxc3 6. dxc3 Be7 7. Be3 Nd7 8.
Qd2 O-O 9. O-O-O Nf6 10. Bd3 c5 11. c4 b5 12. Kb1 Be6 13. cxb5 c4 14. Be2 Ne4
15. Qd4 d5 16. Ne5 Bc5 17. Qxe4 dxe4 18. Rxd8 Rfxd8 19. Bxc5 Rd2 20. Kc1 Rad8
21. Be7 R8d5 22. Bxc4 Rxe5 23. Bxe6 Rxf2 24. Bh4 Rxg2 25. Bc4 e3 26. Bg3 Re8 27.
Rf1 e2 28. Re1 h5 29. Bd5 Rxg3 30. hxg3 Re3 31. Kd2 Rxg3 32. Rxe2 Kf8 33. c4 g5
34. Re5 h4 35. Rf5 h3 36. Rxf7+ Ke8 37. Rh7 g4 38. Ke2 Rg1 39. Kf2 Rb1 40. Kg3
Rg1+ 41. Kh2 Rb1 0-1

[Event "Titled Tue 20th May Early"]
[Site "chess.com INT"]
[Date "2025.05.20"]
[Round "9"]
[White "Behzad Nazif, Parva"]
[Black "Pacheco, Daniel"]
[Result "0-1"]
[WhiteTitle "WIM"]
[BlackTitle "FM"]
[WhiteElo "2090"]
[BlackElo "2191"]
[WhiteFideId "12563790"]
[BlackFideId "101680"]
[EventDate "2025.05.20"]

1. e4 c5 2. Nf3 Nc6 3. Bb5 g6 4. c3 Bg7 5. d4 cxd4 6. cxd4 Nh6 7. Nc3 O-O 8. h3
d6 9. Be3 Kh8 10. O-O Bd7 11. Re1 Ng8 12. Bg5 Qb6 13. a4 a6 14. Nd5 Qa7 15. Bxc6
Bxc6 16. Nxe7 Nxe7 17. Bxe7 Rfe8 18. Bxd6 Bxe4 19. Ne5 Bd5 20. Qg4 f6 21. Nd7 f5
22. Qg5 Qxd4 23. Red1 Qe4 24. Nb6 Bc6 25. Nxa8 Rxa8 26. f3 Qc2 27. Bf4 Qxb2 0-1

[Event "Titled Tue 20th May Early"]
[Site "chess.com INT"]
[Date "2025.05.20"]
[Round "9"]
[White "Yin, Evan"]
[Black "Aranda, Juan Manuel"]
[Result "0-1"]
[BlackTitle "CM"]
[WhiteElo "2119"]
[BlackElo "2134"]
[WhiteFideId "30953111"]
[BlackFideId "160458"]
[EventDate "2025.05.20"]

1. d4 d6 2. c4 e5 3. Nf3 e4 4. Nfd2 f5 5. Nc3 Nf6 6. e3 g6 7. f3 Qe7 8. Be2 Bg7
9. O-O O-O 10. b4 Nc6 11. b5 Nd8 12. a4 Nf7 13. fxe4 fxe4 14. Ba3 c6 15. Rb1 Bh6
16. Kh1 Bxe3 17. Nb3 Nh6 18. c5 d5 19. bxc6 bxc6 20. Na5 Nhg4 21. Bxg4 Nxg4 22.
Nxc6 Qh4 23. h3 Nf2+ 24. Rxf2 Rxf2 25. Nxd5 Bxh3 26. Nce7+ Kh8 27. Qb3 Bxg2+ 28.
Kg1 Qh1# 0-1

[Event "Titled Tue 20th May Early"]
[Site "chess.com INT"]
[Date "2025.05.20"]
[Round "9"]
[White "Khoo-Thwe, Louis"]
[Black "Logachiov, Aleksandr"]
[Result "1-0"]
[BlackTitle "CM"]
[WhiteElo "2214"]
[BlackElo "2129"]
[WhiteFideId "1538756"]
[BlackFideId "24123706"]
[EventDate "2025.05.20"]

1. e4 c5 2. Nf3 d6 3. Nc3 Nf6 4. e5 dxe5 5. Nxe5 Bd7 6. Bc4 e6 7. O-O Nc6 8.
Nxd7 Qxd7 9. d3 Be7 10. Bf4 O-O 11. h3 a6 12. a3 Nd4 13. Re1 b5 14. Ba2 Rfd8 15.
Ne4 Nxe4 16. dxe4 c4 17. c3 Nc6 18. Qf3 e5 19. Rad1 Qe6 20. Be3 g6 21. Bb1 Kg7
22. Bc2 Na5 23. Kh2 Nb7 24. Rd5 Rxd5 25. exd5 Qd6 26. Rd1 Bf6 27. Qe4 Be7 28. g4
Rf8 29. f4 Bf6 30. g5 Bd8 31. fxe5 Qe7 32. Qd4 Kg8 33. Be4 Re8 34. Bf4 Qc5 35.
d6 Qxd4 36. cxd4 Na5 37. d5 Bb6 38. e6 Nb7 39. d7 Re7 40. d6 Rxe6 41. Bxb7 Re2+
42. Kg3 h5 43. Rd4 h4+ 44. Kxh4 1-0

[Event "Titled Tue 20th May Early"]
[Site "chess.com INT"]
[Date "2025.05.20"]
[Round "9"]
[White "Nimmy, A.G."]
[Black "Ghoreishi Amiri, Seyed Kian"]
[Result "1-0"]
[WhiteTitle "WIM"]
[BlackTitle "CM"]
[WhiteElo "1990"]
[BlackElo "2215"]
[WhiteFideId "5015308"]
[BlackFideId "36757527"]
[EventDate "2025.05.20"]

1. e4 c5 2. Nf3 d6 3. d4 cxd4 4. Nxd4 Nf6 5. Nc3 g6 6. Be2 Bg7 7. Be3 O-O 8. O-O
Nc6 9. Kh1 Nxd4 10. Bxd4 Be6 11. f4 Qa5 12. Bf3 Rac8 13. Qe1 Ne8 14. Bxg7 Nxg7
15. f5 Bc4 16. Be2 Qe5 17. Bd3 gxf5 18. exf5 Bxd3 19. cxd3 Kh8 20. Qf2 Rg8 21.
Rae1 Qc5 22. Rxe7 Qxf2 23. Rxf2 Rce8 24. f6 Nh5 25. Nd5 h6 26. g3 Rxe7 27. fxe7
Re8 28. Rxf7 Kg8 29. Rf5 Ng7 30. Rf2 Kh8 31. Rf8+ Kh7 32. Nf6+ 1-0

[Event "Titled Tue 20th May Early"]
[Site "chess.com INT"]
[Date "2025.05.20"]
[Round "9"]
[White "Setumadhav, Yellumahanthi"]
[Black "Cernov, Henrik"]
[Result "0-1"]
[WhiteTitle "FM"]
[BlackTitle "FM"]
[WhiteElo "2254"]
[BlackElo "2325"]
[WhiteFideId "25920669"]
[BlackFideId "16258312"]
[EventDate "2025.05.20"]

1. e4 e6 2. d4 d5 3. Nc3 Nf6 4. e5 Nfd7 5. f4 c5 6. Nf3 Nc6 7. Be3 Rb8 8. Qd2
Qa5 9. Bb5 a6 10. Bxc6 bxc6 11. Rb1 cxd4 12. Nxd4 Bb7 13. Nb3 Qc7 14. Qf2 c5 15.
Bd2 Nb6 16. O-O Nc4 17. Qe2 Nxd2 18. Nxd2 c4 19. Nf3 Bc5+ 20. Kh1 O-O 21. Ng5 h6
22. Qh5 Qe7 23. Rf3 f6 24. exf6 Qxf6 25. Re1 hxg5 26. fxg5 Qd4 27. g6 Rxf3 28.
gxf3 Re8 29. Qh7+ Kf8 0-1

[Event "Titled Tue 20th May Early"]
[Site "chess.com INT"]
[Date "2025.05.20"]
[Round "9"]
[White "Nguyen, Ngoc Truong Son"]
[Black "Le, Tuan Minh"]
[Result "1/2-1/2"]
[WhiteTitle "GM"]
[BlackTitle "GM"]
[WhiteElo "2632"]
[BlackElo "2598"]
[WhiteFideId "12401110"]
[BlackFideId "12401153"]
[EventDate "2025.05.20"]

1. e4 e5 2. Nf3 Nc6 3. Nc3 Nf6 4. d4 Bb4 5. Nxe5 Qe7 6. Nxc6 Qxe4+ 7. Qe2 dxc6
8. Bd2 Bxc3 9. Bxc3 O-O 10. Qxe4 Nxe4 11. Bd3 Bf5 12. O-O-O Nd6 13. Bxf5 Nxf5
14. d5 c5 15. Rhe1 f6 16. b4 cxb4 17. Bxb4 Rfe8 18. c4 Kf7 19. Kd2 b6 20. Kd3
Nh4 21. Rxe8 Rxe8 22. g3 Nf3 23. h4 h5 24. c5 g5 25. Kc4 bxc5 26. Bxc5 a6 27.
Be3 gxh4 28. gxh4 Nxh4 29. Rh1 Re4+ 30. Kc5 Kg6 31. Rg1+ Kf7 32. Rh1 Ra4 33. a3
Kg6 34. Rg1+ Kf7 35. Rh1 Kg6 36. Rg1+ Kf7 37. Rh1 1/2-1/2

[Event "Titled Tue 20th May Early"]
[Site "chess.com INT"]
[Date "2025.05.20"]
[Round "9"]
[White "Malyshev, Vasilij"]
[Black "Ahmad, Khagan"]
[Result "0-1"]
[WhiteTitle "IM"]
[BlackTitle "IM"]
[WhiteElo "2353"]
[BlackElo "2405"]
[WhiteFideId "4105346"]
[BlackFideId "13431552"]
[EventDate "2025.05.20"]

1. d4 Nf6 2. c4 c5 3. Nf3 cxd4 4. Nxd4 Nc6 5. Nc3 g6 6. Nc2 Bg7 7. g3 O-O 8. Bg2
d6 9. O-O Be6 10. b3 Qd7 11. Bb2 Bh3 12. Qd2 Bxg2 13. Kxg2 Ne4 14. Qe3 Nxc3 15.
Bxc3 Qe6 16. Bxg7 Qxe3 17. Nxe3 Kxg7 18. Rfd1 a6 19. Nd5 b5 20. Rac1 bxc4 21.
Rxc4 Ne5 22. Rc7 e6 23. Nb6 Rad8 24. f4 Ng4 25. Kf3 Nxh2+ 26. Ke4 Ng4 27. Kf3
Nf6 28. Ra7 d5 29. Rxa6 Rd6 30. a4 Rb8 31. a5 Nd7 32. Rd3 Nc5 33. Ra7 Nxd3 34.
exd3 Rdxb6 35. axb6 Rxb6 36. Ra3 Kf6 37. Ke3 Kf5 38. Kf3 h5 39. Ra7 Kf6 40. Ra3
Rb7 41. Ke3 Kf5 42. Kf3 f6 43. Kf2 Rb4 44. Kf3 Rb6 45. Kf2 Kg4 46. Kg2 Rc6 47.
Ra2 Rc3 48. Rb2 Rxd3 49. b4 Rxg3+ 50. Kh2 Rh3+ 51. Kg2 Rc3 52. b5 Kxf4 53. b6
Rc8 0-1

[Event "Titled Tue 20th May Early"]
[Site "chess.com INT"]
[Date "2025.05.20"]
[Round "9"]
[White "Lissillour, Baptiste"]
[Black "Savitha, Shri B"]
[Result "0-1"]
[BlackTitle "IM"]
[WhiteElo "2318"]
[BlackElo "2298"]
[WhiteFideId "45179620"]
[BlackFideId "35061887"]
[EventDate "2025.05.20"]

1. e4 c5 2. Nf3 d6 3. d4 cxd4 4. Nxd4 Nc6 5. c4 Nf6 6. Nc3 e5 7. Nc2 Be7 8. Be2
O-O 9. O-O Be6 10. b3 Nd7 11. Be3 f5 12. exf5 Bxf5 13. Bd3 Be6 14. Nd5 Nf6 15.
Nxf6+ Bxf6 16. Be4 Qe7 17. Qd3 g6 18. Bd5 Kg7 19. Bxe6 Qxe6 20. Rad1 Rad8 21. f3
Ne7 22. Nb4 a5 23. Nd5 Nxd5 24. Qxd5 Qe7 25. Bb6 Rd7 26. c5 Rc8 27. cxd6 Qf8 28.
h3 Rc6 29. Bc5 Qc8 30. Ba3 a4 31. Rc1 axb3 32. axb3 Qa8 33. Bb2 Rcxd6 34. Qc4
Qa7+ 35. Kh1 Rd2 36. Bc3 R2d5 37. Rfe1 b5 38. Qe4 Qf2 39. Rc2 Qg3 40. Rce2 Rd1 0-1